[Event "SVK-chT1E 2122"]
[Site "Slovakia"]
[Date "2022.04.23"]
[Round "8.1"]
[White "Tazbir, Marcin"]
[Black "Bednar, Milan"]
[Result "1-0"]
[WhiteElo "2511"]
[BlackElo "2215"]
[PlyCount "73"]
[EventDate "2022.01.29"]
[EventType "team-tourn"]
[EventRounds "11"]
[EventCountry "SVK"]
[SourceTitle "EXT 2023"]
[Source "ChessBase"]
[SourceDate "2022.10.05"]
[SourceVersion "1"]
[SourceVersionDate "2022.10.05"]
[SourceQuality "1"]
[WhiteTeam "Dunajov Inbest"]
[BlackTeam "Bardejov"]
[WhiteTeamCountry "SVK"]
[BlackTeamCountry "SVK"]

1. e4 c5 2. Ne2 d6 3. g3 g6 4. Bg2 Bg7 5. c3 h5 6. h3 e5 7. d4 Qe7 8. Na3 Nf6 9. Bg5 0-0 10. 0-0 Qc7 11. Qd2 a6 12. Rad1 Be6 13. d5 Bc8 14. Bh6 c4 15. Bxg7 Kxg7 16. b3 cxb3 17. axb3 Nbd7 18. c4 Nc5 19. Qe3 b5 20. b4 Na4 21. Rc1 bxc4 22. Nxc4 Qb8 23. Nc3 Nxc3 24. Qxc3 Bd7 25. f4 Bb5 26. fxe5 dxe5 27. Nxe5 Bxf1 28. Rxf1 Qb6+ 29. Rf2 Qd6 30. Nc6 Rac8 31. g4 hxg4 32. hxg4 g5 33. Rf5 Rh8 34. e5 Nxd5 35. Bxd5 Rxc6 36. Rxf7+ Kg8 37. exd6 1-0

[Event "SVK-chT2D 1920"]
[Site "Slovakia"]
[Date "2020.02.16"]
[Round "9.3"]
[White "Vorovic, Arkadij"]
[Black "Bednar, Milan"]
[Result "1/2-1/2"]
[WhiteElo "2137"]
[BlackElo "2236"]
[PlyCount "60"]
[EventDate "2019.10.26"]
[EventType "team-tourn"]
[EventRounds "11"]
[EventCountry "SVK"]
[SourceTitle "CBM 195 Extra"]
[Source "ChessBase"]
[SourceDate "2020.05.31"]
[SourceVersion "1"]
[SourceVersionDate "2020.05.31"]
[SourceQuality "1"]
[WhiteTeam "Velke Kapusany"]
[BlackTeam "Bardejov BSK II"]
[WhiteTeamCountry "SVK"]
[BlackTeamCountry "SVK"]

1. d4 d5 2. Nf3 Nf6 3. c4 c6 4. cxd5 cxd5 5. Nc3 Nc6 6. Qb3 e6 7. Bg5 Be7 8. e3 0-0 9. Bd3 h6 10. Bh4 a6 11. 0-0 b5 12. Rfc1 Bd7 13. Qd1 Qb6 14. Ne5 Rfd8 15. Nxc6 Bxc6 16. h3 Rac8 17. Nb1 a5 18. Nd2 Bd7 19. Nf3 Qb7 20. Ne5 Be8 21. Qd2 b4 22. Qe2 Rxc1+ 23. Rxc1 Rc8 24. Rxc8 Qxc8 25. Qc2 Qxc2 26. Bxc2 g5 27. Bg3 Ne4 28. Bxe4 dxe4 29. Nc4 a4 30. Bd6 Bb5 1/2-1/2

[Event "SVK-chT1E 1920"]
[Site "Slovakia"]
[Date "2019.10.13"]
[Round "2.2"]
[White "Sepesi, Samuel"]
[Black "Bednar, Milan"]
[Result "0-1"]
[WhiteElo "2174"]
[BlackElo "2224"]
[PlyCount "72"]
[EventDate "2019.10.12"]
[EventType "team-tourn"]
[EventRounds "11"]
[EventCountry "SVK"]
[SourceTitle "CBM 193 Extra"]
[Source "ChessBase"]
[SourceDate "2020.01.31"]
[SourceVersion "1"]
[SourceVersionDate "2020.01.31"]
[SourceQuality "1"]
[WhiteTeam "Kosice 1 CC"]
[BlackTeam "Bardejov"]
[WhiteTeamCountry "SVK"]
[BlackTeamCountry "SVK"]

1. e4 c5 2. Nf3 d6 3. d4 cxd4 4. Nxd4 Nf6 5. Nc3 e6 6. Be2 Be7 7. Be3 0-0 8. 0-0 a6 9. f4 Qc7 10. Bf3 Nc6 11. Nxc6 bxc6 12. Na4 Bd7 13. c4 Rfb8 14. Qc2 Be8 15. Rae1 Nd7 16. b3 a5 17. Qf2 Rb4 18. Bd2 Rb7 19. Bc3 Nb6 20. Nxb6 Qxb6 21. Bd4 Qa6 22. Qg3 Bf8 23. e5 d5 24. cxd5 cxd5 25. f5 a4 26. Bd1 axb3 27. axb3 Rb4 28. Bc3 Re4 29. Rxe4 dxe4 30. f6 Bc5+ 31. Rf2 Bxf2+ 32. Kxf2 g6 33. Qe3 Qd3 34. Be2 Ra2 35. Bd4 Bb5 36. Qh6 Rxe2+ 0-1

[Event "SVK-chT2D 1819"]
[Site "Slovakia"]
[Date "2018.12.15"]
[Round "5.2"]
[White "Regec, Viliam"]
[Black "Bednar, Milan"]
[Result "1-0"]
[WhiteElo "2103"]
[BlackElo "2254"]
[PlyCount "81"]
[EventDate "2018.10.13"]
[EventType "team-tourn"]
[EventRounds "11"]
[EventCountry "SVK"]
[SourceTitle "CBM 189 Extra"]
[Source "ChessBase"]
[SourceDate "2019.06.03"]
[SourceVersion "1"]
[SourceVersionDate "2019.06.03"]
[SourceQuality "1"]
[WhiteTeam "Margecany"]
[BlackTeam "Bardejov BSK II"]
[WhiteTeamCountry "SVK"]
[BlackTeamCountry "SVK"]

1. e4 c5 2. Nf3 d6 3. d4 cxd4 4. Nxd4 Nf6 5. Nc3 Nc6 6. Be2 g6 7. Be3 Bg7 8. 0-0 0-0 9. Kh1 Bd7 10. Qd2 Nxd4 11. Bxd4 Bc6 12. f3 e5 13. Be3 d5 14. exd5 Nxd5 15. Nxd5 Qxd5 16. Qxd5 Bxd5 17. c4 Be6 18. b3 Rfc8 19. Rac1 Bf8 20. Rfd1 Ba3 21. Rb1 a5 22. Bc1 Bxc1 23. Rbxc1 a4 24. Ra1 Kf8 25. Kg1 Ke7 26. Kf2 axb3 27. axb3 Rxa1 28. Rxa1 Kd6 29. Ke3 f5 30. Ra5 f4+ 31. Kd2 g5 32. Rb5 Rc7 33. Bd3 h5 34. Rb6+ Ke7 35. Be4 Bc8 36. Rh6 g4 37. Rxh5 Kd6 38. Rh6+ Ke7 39. h4 Rc5 40. Kc3 Ra5 41. fxg4 1-0

[Event "SVK-chT1E 1819"]
[Site "Slovakia"]
[Date "2018.11.25"]
[Round "4.2"]
[White "Bednar, Milan"]
[Black "Nayhebaver, Martin"]
[Result "0-1"]
[WhiteElo "2244"]
[BlackElo "2462"]
[PlyCount "114"]
[EventDate "2018.10.27"]
[EventType "team-tourn"]
[EventRounds "11"]
[EventCountry "SVK"]
[SourceTitle "CBM 188 Extra"]
[Source "ChessBase"]
[SourceDate "2019.02.26"]
[SourceVersion "1"]
[SourceVersionDate "2019.02.26"]
[SourceQuality "1"]
[WhiteTeam "Bardejov"]
[BlackTeam "Kosice Slavia UPJS"]
[WhiteTeamCountry "SVK"]
[BlackTeamCountry "SVK"]

1. d4 Nf6 2. Nf3 e6 3. g3 b5 4. Bg2 Bb7 5. 0-0 c5 6. a4 b4 7. a5 Be7 8. c3 cxd4 9. cxd4 0-0 10. Nbd2 Na6 11. Nb3 Rc8 12. Qd3 Nb8 13. Ne5 Ba6 14. Qf3 Rc2 15. Re1 d5 16. Nd3 Nc6 17. Ne5 Nxe5 18. dxe5 Nd7 19. Qe3 Qc7 20. Nd4 Rc4 21. b3 Rc3 22. Qd2 Nxe5 23. Bb2 Rc5 24. Qxb4 Rc2 25. Nxc2 Bxb4 26. Nxb4 Bb5 27. Rec1 Qb8 28. e3 h5 29. Bd4 Be2 30. Nc6 Nxc6 31. Rxc6 e5 32. Bc5 Rd8 33. Rc1 Kh7 34. Be7 Rd7 35. R6c2 Rxe7 36. Rxe2 Qxb3 37. Rd2 Rd7 38. Rcd1 d4 39. exd4 exd4 40. a6 Qb4 41. Rd3 Rd6 42. Bb7 h4 43. Kg2 Qc5 44. Rf3 Qh5 45. h3 hxg3 46. fxg3 Qe5 47. Rd2 Qe1 48. Rfd3 Re6 49. Bf3 Rxa6 50. Rxd4 g6 51. h4 Ra1 52. Bd1 Ra3 53. Rf2 Kh6 54. h5 Rxg3+ 55. Kxg3 Qe3+ 56. Bf3 Qxd4 57. hxg6 Qe5+ 0-1

[Event "SVK-chT2D 1718"]
[Site "Slovakia"]
[Date "2018.02.25"]
[Round "9.1"]
[White "Bednar, Milan"]
[Black "Kravec, Patrik"]
[Result "1/2-1/2"]
[WhiteElo "2270"]
[BlackElo "2180"]
[PlyCount "44"]
[EventDate "2017.10.28"]
[EventType "team-tourn"]
[EventRounds "11"]
[EventCountry "SVK"]
[SourceTitle "EXT 2019"]
[Source "ChessBase"]
[SourceDate "2018.10.10"]
[SourceVersion "1"]
[SourceVersionDate "2018.10.10"]
[SourceQuality "1"]
[WhiteTeam "Bardejov II"]
[BlackTeam "Presov Slavia"]
[WhiteTeamCountry "SVK"]
[BlackTeamCountry "SVK"]

1. c4 c5 2. Nc3 Nf6 3. e4 Nc6 4. Nf3 e5 5. Be2 g6 6. d3 Bg7 7. h3 0-0 8. Be3 d6 9. Qd2 Nd4 10. Bg5 Be6 11. Nxd4 cxd4 12. Nd5 Bxd5 13. cxd5 Qb6 14. 0-0 Nd7 15. Rac1 f5 16. f3 Rfc8 17. Rxc8+ Rxc8 18. Rc1 Rxc1+ 19. Qxc1 Qc5 20. Qd1 Bf6 21. Bd2 Bh4 22. g4 f4 1/2-1/2

[Event "SVK-chT1E 1718"]
[Site "Slovakia"]
[Date "2018.02.18"]
[Round "9.2"]
[White "Marek, Stanislav"]
[Black "Bednar, Milan"]
[Result "1/2-1/2"]
[WhiteElo "2139"]
[BlackElo "2279"]
[PlyCount "120"]
[EventDate "2017.10.21"]
[EventType "team-tourn"]
[EventRounds "11"]
[EventCountry "SVK"]
[SourceTitle "EXT 2019"]
[Source "ChessBase"]
[SourceDate "2018.10.10"]
[SourceVersion "1"]
[SourceVersionDate "2018.10.10"]
[SourceQuality "1"]
[WhiteTeam "Presov Tatran"]
[BlackTeam "Bardejov"]
[WhiteTeamCountry "SVK"]
[BlackTeamCountry "SVK"]

1. c4 c6 2. d4 d5 3. Nf3 Nf6 4. Qc2 g6 5. Bf4 Bg7 6. e3 Bf5 7. Qb3 Qb6 8. Nbd2 Nbd7 9. h3 0-0 10. Be2 Ne4 11. cxd5 cxd5 12. 0-0 Nxd2 13. Nxd2 e5 14. dxe5 Nxe5 15. g4 Be6 16. Qxb6 axb6 17. Bxe5 Bxe5 18. Rfb1 h5 19. Nf3 Bg7 20. gxh5 Bf5 21. Rf1 Bxb2 22. Rad1 Bxh3 23. hxg6 fxg6 24. Rxd5 Bxf1 25. Kxf1 Kg7 26. Rb5 Rxa2 27. Rxb6 Bf6 28. Rxb7+ Kh6 29. Nh2 Bg7 30. Ng4+ Kh7 31. Rb6 Rb2 32. Rd6 Rb4 33. Kg2 Rfb8 34. Bf3 R4b6 35. Rd7 Kh8 36. Be4 Re8 37. Bd5 Rb4 38. Bf3 Rb6 39. Bd5 Rb4 40. Kg3 Rf8 41. Bf3 Rb6 42. Be2 Rfb8 43. Bd3 Kh7 44. Bc4 Re8 45. Bd5 Rf8 46. Re7 Kh8 47. e4 Ra6 48. e5 Ra3+ 49. f3 Ra5 50. Be4 Ra6 51. Kh4 Kh7 52. Kg5 Rb6 53. f4 Ra6 54. f5 gxf5 55. Bxf5+ Kh8 56. Be6 Raa8 57. Kg6 Rae8 58. Rxg7 Rxe6+ 59. Nf6 Rexf6+ 60. exf6 Rxf6+ 1/2-1/2

[Event "SVK-chT1E 1718"]
[Site "Slovakia"]
[Date "2018.02.03"]
[Round "7.1"]
[White "Bednar, Milan"]
[Black "Rojicek, Vojtech"]
[Result "0-1"]
[WhiteElo "2279"]
[BlackElo "2399"]
[PlyCount "72"]
[EventDate "2017.10.21"]
[EventType "team-tourn"]
[EventRounds "11"]
[EventCountry "SVK"]
[SourceTitle "EXT 2019"]
[Source "ChessBase"]
[SourceDate "2018.10.10"]
[SourceVersion "1"]
[SourceVersionDate "2018.10.10"]
[SourceQuality "1"]
[WhiteTeam "Bardejov"]
[BlackTeam "Liptov Chess School II"]
[WhiteTeamCountry "SVK"]
[BlackTeamCountry "SVK"]

1. d4 Nf6 2. Nf3 g6 3. c4 d6 4. g3 Bg7 5. Bg2 0-0 6. 0-0 Nbd7 7. Nc3 e5 8. e4 exd4 9. Nxd4 Nc5 10. h3 Re8 11. Re1 a5 12. Bf4 Nfd7 13. Rc1 Ne5 14. Bf1 c6 15. Be3 a4 16. f4 Ned7 17. Bf2 Qa5 18. Rc2 Nb6 19. Kh2 Bd7 20. g4 Ne6 21. Nxe6 Bxe6 22. Qxd6 Nxc4 23. Bxc4 Bxc4 24. e5 Rad8 25. Qc5 Qxc5 26. Bxc5 f6 27. Bb6 Ra8 28. Bc7 fxe5 29. Bxe5 g5 30. Re3 gxf4 31. Bxf4 Rxe3 32. Bxe3 a3 33. bxa3 Rxa3 34. Bd2 b5 35. h4 Bd3 36. Rc1 b4 0-1

[Event "SVK-chT2D 1718"]
[Site "Slovakia"]
[Date "2018.01.14"]
[Round "6.1"]
[White "Stofan, Jozef"]
[Black "Bednar, Milan"]
[Result "1/2-1/2"]
[WhiteElo "2075"]
[BlackElo "2280"]
[PlyCount "35"]
[EventDate "2017.10.28"]
[EventType "team-tourn"]
[EventRounds "11"]
[EventCountry "SVK"]
[SourceTitle "EXT 2019"]
[Source "ChessBase"]
[SourceDate "2018.10.10"]
[SourceVersion "1"]
[SourceVersionDate "2018.10.10"]
[SourceQuality "1"]
[WhiteTeam "Spisska Nova Ves"]
[BlackTeam "Bardejov II"]
[WhiteTeamCountry "SVK"]
[BlackTeamCountry "SVK"]

1. e4 c5 2. f4 d6 3. Nf3 Nc6 4. d3 g6 5. Be2 Bg7 6. c3 Nf6 7. 0-0 0-0 8. Na3 Rb8 9. Nc2 b5 10. a3 a5 11. Bd2 a4 12. h3 Na5 13. Rb1 Be6 14. Qe1 Ba2 15. Ra1 Be6 16. Rb1 Ba2 17. Ra1 Be6 18. Rb1 1/2-1/2

[Event "SVK-chT1E 1718"]
[Site "Slovakia"]
[Date "2017.12.03"]
[Round "6.3"]
[White "Novotny, Adam"]
[Black "Bednar, Milan"]
[Result "0-1"]
[WhiteElo "2054"]
[BlackElo "2279"]
[PlyCount "75"]
[EventDate "2017.10.21"]
[EventType "team-tourn"]
[EventRounds "11"]
[EventCountry "SVK"]
[SourceTitle "EXT 2019"]
[Source "ChessBase"]
[SourceDate "2018.10.10"]
[SourceVersion "1"]
[SourceVersionDate "2018.10.10"]
[SourceQuality "1"]
[WhiteTeam "Kezmarok"]
[BlackTeam "Bardejov"]
[WhiteTeamCountry "SVK"]
[BlackTeamCountry "SVK"]

1. c4 c5 2. Nc3 g6 3. g3 Bg7 4. Bg2 Nc6 5. e4 d6 6. Nge2 e5 7. d3 Be6 8. Be3 Qd7 9. Nd5 h6 10. 0-0 Nge7 11. f4 Bg4 12. h3 Bxe2 13. Qxe2 exf4 14. Bxf4 Nxd5 15. exd5+ Ne5 16. Rae1 0-0 17. Kh2 Rae8 18. Qd2 Kh7 19. b3 f5 20. Be3 b6 21. d4 cxd4 22. Bxd4 Re7 23. a4 Rfe8 24. Bf2 g5 25. a5 bxa5 26. Qxa5 f4 27. Be4+ Kh8 28. c5 Ng4+ 29. hxg4 Rxe4 30. Rxe4 Rxe4 31. c6 Qxg4 32. Qd8+ Kh7 33. Qxd6 Qh5+ 34. Kg1 fxg3 35. Bxg3 Bd4+ 36. Kg2 Re2+ 37. Rf2 Bxf2 38. Bxf2 0-1

[Event "SVK-chT2D 1718"]
[Site "Slovakia"]
[Date "2017.11.26"]
[Round "4.1"]
[White "Zambor, Norbert"]
[Black "Bednar, Milan"]
[Result "1/2-1/2"]
[WhiteElo "2252"]
[BlackElo "2280"]
[PlyCount "22"]
[EventDate "2017.10.28"]
[EventType "team-tourn"]
[EventRounds "11"]
[EventCountry "SVK"]
[SourceTitle "EXT 2019"]
[Source "ChessBase"]
[SourceDate "2018.10.10"]
[SourceVersion "1"]
[SourceVersionDate "2018.10.10"]
[SourceQuality "1"]
[WhiteTeam "Kosice 1 CC"]
[BlackTeam "Bardejov II"]
[WhiteTeamCountry "SVK"]
[BlackTeamCountry "SVK"]

1. e4 c5 2. Nf3 d6 3. d4 cxd4 4. Nxd4 Nf6 5. f3 Nc6 6. c4 g6 7. Nc3 Bg7 8. Be3 0-0 9. Nc2 Qa5 10. Qd2 Be6 11. Be2 Rfc8 1/2-1/2

[Event "SVK-chT1E 1718"]
[Site "Slovakia"]
[Date "2017.10.22"]
[Round "2.1"]
[White "Bednar, Milan"]
[Black "Szabo, Bence"]
[Result "0-1"]
[WhiteElo "2279"]
[BlackElo "2369"]
[PlyCount "54"]
[EventDate "2017.10.21"]
[EventType "team-tourn"]
[EventRounds "11"]
[EventCountry "SVK"]
[SourceTitle "CBM 181 Extra"]
[Source "ChessBase"]
[SourceDate "2017.12.12"]
[SourceVersion "1"]
[SourceVersionDate "2017.12.12"]
[SourceQuality "1"]
[WhiteTeam "Bardejov"]
[BlackTeam "Cebovce"]
[WhiteTeamCountry "SVK"]
[BlackTeamCountry "SVK"]

1. d4 Nf6 2. Nf3 e6 3. c4 c5 4. Nc3 cxd4 5. Nxd4 Nc6 6. Ndb5 d5 7. cxd5 Nxd5 8. Nxd5 exd5 9. Qxd5 Bb4+ 10. Bd2 Qe7 11. a3 Bxd2+ 12. Qxd2 0-0 13. Nd4 Nxd4 14. Qxd4 Rd8 15. Qb4 Qg5 16. g3 a5 17. Qf4 Qd5 18. e4 Qb3 19. Bg2 Qb5 20. Qe3 a4 21. Rc1 Be6 22. Qc5 Qxb2 23. 0-0 Rac8 24. Qe3 Rxc1 25. Rxc1 h6 26. h4 b5 27. Rc7 b4 0-1

[Event "SVK-chT 1617"]
[Site "Slovakia"]
[Date "2017.03.24"]
[Round "9.5"]
[White "Leniart, Arkadiusz"]
[Black "Bednar, Milan"]
[Result "0-1"]
[WhiteElo "2491"]
[BlackElo "2240"]
[PlyCount "132"]
[EventDate "2016.10.22"]
[EventType "team-tourn"]
[EventRounds "11"]
[EventCountry "SVK"]
[SourceTitle "CBM 177 Extra"]
[Source "ChessBase"]
[SourceDate "2017.04.27"]
[SourceVersion "1"]
[SourceVersionDate "2017.04.27"]
[SourceQuality "1"]
[WhiteTeam "Prakovce"]
[BlackTeam "Sabinov"]
[WhiteTeamCountry "SVK"]
[BlackTeamCountry "SVK"]

1. e4 c5 2. Nf3 e6 3. d4 cxd4 4. Nxd4 d6 5. g3 Nf6 6. Bg2 Be7 7. 0-0 0-0 8. c4 a6 9. b3 Nbd7 10. Nc3 Qc7 11. Bb2 Rb8 12. Rc1 b6 13. f4 Re8 14. g4 Nf8 15. g5 N6d7 16. Kh1 Bb7 17. Qh5 Nc5 18. Rcd1 Ng6 19. f5 exf5 20. exf5 Bxg2+ 21. Kxg2 Ne5 22. Nd5 Qb7 23. f6 g6 24. Qe2 Bf8 25. Nf3 Ng4 26. Qd2 b5 27. h3 Ne5 28. cxb5 axb5 29. Nf4 Nxf3 30. Rxf3 Ne4 31. Qd5 Qa7 32. Re1 Qxa2 33. Rxe4 Rxe4 34. Qxe4 Qxb2+ 35. Kg3 Qc1 36. Qe3 Qc5 37. h4 Qc6 38. Qd4 Re8 39. Nd5 Re5 40. Rd3 Qc1 41. Rd1 Qc2 42. Qd3 Qc5 43. Qd4 Qc8 44. Rd3 Qe6 45. Nc7 Qf5 46. Re3 h5 47. Rxe5 dxe5 48. Qd8 Qg4+ 49. Kf2 Qxh4+ 50. Ke2 Qe4+ 51. Kf1 Qb1+ 52. Ke2 Qc2+ 53. Kf1 Qb1+ 54. Ke2 Qa2+ 55. Kf1 Qa5 56. Qd7 Qa7 57. b4 Qb7 58. Qd8 Qb6 59. Ke2 h4 60. Qd7 Qb7 61. Qd8 Qb6 62. Qd7 Qd6 63. Qxd6 Bxd6 64. Nxb5 Bxb4 65. Kf3 Bd2 66. Kg4 Bxg5 0-1

[Event "SVK-chT 1617"]
[Site "Slovakia"]
[Date "2017.01.14"]
[Round "5.5"]
[White "Peitl, Tomas"]
[Black "Bednar, Milan"]
[Result "0-1"]
[WhiteElo "2209"]
[BlackElo "2240"]
[PlyCount "152"]
[EventDate "2016.10.22"]
[EventType "team-tourn"]
[EventRounds "11"]
[EventCountry "SVK"]
[SourceTitle "CBM 177 Extra"]
[Source "ChessBase"]
[SourceDate "2017.04.27"]
[SourceVersion "1"]
[SourceVersionDate "2017.04.27"]
[SourceQuality "1"]
[WhiteTeam "Devinska Nova Ves"]
[BlackTeam "Sabinov"]
[WhiteTeamCountry "SVK"]
[BlackTeamCountry "SVK"]

1. b3 d5 2. Bb2 Bf5 3. e3 e6 4. Nf3 Nf6 5. Be2 h6 6. 0-0 Nbd7 7. d3 Bd6 8. Nbd2 0-0 9. Nd4 Bh7 10. f4 c5 11. Nb5 Bb8 12. Bf3 a6 13. Nc3 b5 14. a4 b4 15. Ne2 Ba7 16. Kh1 Rc8 17. e4 a5 18. e5 Ne8 19. Ng3 Nc7 20. Bg4 Bb8 21. Qe2 Qe7 22. f5 exf5 23. Bxf5 Rce8 24. Rae1 Ne6 25. Qg4 Qg5 26. Qxg5 hxg5 27. Bg4 Re7 28. Nf3 c4 29. Bxe6 fxe6 30. Nxg5 Rxf1+ 31. Nxf1 c3 32. Bc1 Bxe5 33. g3 Bg6 34. Kg2 Bf7 35. Ne3 Bf6 36. Ng4 e5 37. Nxf7 Kxf7 38. Be3 d4 39. Bf2 Nc5 40. Kf3 Re6 41. h4 Ke7 42. Bg1 Kd6 43. Nf2 Kd5 44. Ne4 Be7 45. Nxc5 Rf6+ 46. Kg2 Bxc5 47. Re4 Bd6 48. g4 Rf7 49. Bh2 Rf6 50. Bg3 Rf7 51. h5 Ke6 52. Re2 Kd5 53. Re4 Ke6 54. Bh4 Be7 55. Bg3 Bd6 56. Re1 Kd5 57. Rh1 Bc7 58. h6 gxh6 59. Rxh6 Rg7 60. Kh3 Bd8 61. Rh8 Rd7 62. Re8 Be7 63. g5 Ke6 64. Ra8 Bxg5 65. Ra6+ Kf5 66. Rxa5 Bf4 67. Bf2 Rh7+ 68. Kg2 Kg4 69. Bg1 Rh3 70. Ra8 Rg3+ 71. Kf1 Kf3 72. Rh8 Rg2 73. Rh3+ Bg3 74. Bh2 Rxh2 75. Rxh2 Bxh2 76. a5 e4 0-1

[Event "SVK-chT 1617"]
[Site "Slovakia"]
[Date "2016.12.18"]
[Round "4.1"]
[White "Bednar, Milan"]
[Black "Nayhebaver, Martin"]
[Result "1-0"]
[WhiteElo "2240"]
[BlackElo "2442"]
[PlyCount "135"]
[EventDate "2016.10.22"]
[EventType "team-tourn"]
[EventRounds "11"]
[EventCountry "SVK"]
[SourceTitle "CBM 177 Extra"]
[Source "ChessBase"]
[SourceDate "2017.04.27"]
[SourceVersion "1"]
[SourceVersionDate "2017.04.27"]
[SourceQuality "1"]
[WhiteTeam "Sabinov"]
[BlackTeam "Kosice Slavia UPJS"]
[WhiteTeamCountry "SVK"]
[BlackTeamCountry "SVK"]

1. d4 Nf6 2. Nf3 g6 3. g3 Bg7 4. Bg2 0-0 5. c4 d6 6. 0-0 Nc6 7. Nc3 a6 8. h3 Rb8 9. Be3 b5 10. cxb5 axb5 11. Ng5 Na5 12. b3 b4 13. Na4 Bd7 14. Rc1 h6 15. Nf3 Bxa4 16. bxa4 c6 17. Qd3 Nd7 18. Nd2 d5 19. Nb3 Nc4 20. Rxc4 dxc4 21. Qxc4 e5 22. Qxc6 exd4 23. Nxd4 Re8 24. Qc1 Rc8 25. Nc6 Qf6 26. Qd2 Rxc6 27. Qxd7 Rce6 28. a5 Qb2 29. Bd5 R6e7 30. Qg4 Rd8 31. Bb3 Qc3 32. Qf3 Rde8 33. Rd1 Kh8 34. Rd3 Qc8 35. Qg4 Qb7 36. Qc4 Rc8 37. a6 Qa8 38. Qxb4 Rxe3 39. fxe3 Qxa6 40. Bxf7 Qf6 41. Qf4 Qa1+ 42. Kg2 Rf8 43. Rd7 Qe1 44. Qf3 Qc1 45. Re7 Qc8 46. Qe4 Qa6 47. Qc4 Qf6 48. Re8 Rxe8 49. Bxe8 Kh7 50. Qe4 Qa6 51. Kg1 Qd6 52. Kf2 Be5 53. Bxg6+ Kg7 54. Bh5 Bxg3+ 55. Kg2 Be5 56. a4 Kf8 57. a5 Qf6 58. Qf3 Ke7 59. Qxf6+ Kxf6 60. a6 Bb8 61. Kf3 Ke5 62. Bg6 Ba7 63. e4 Bb6 64. Kg4 Kf6 65. Bf5 Ke5 66. Kh5 Be3 67. Kg6 Kd6 68. h4 1-0

[Event "SVK-chT1E 1617"]
[Site "Slovakia"]
[Date "2016.12.10"]
[Round "5.2"]
[White "Kravec, Patrik"]
[Black "Bednar, Milan"]
[Result "1/2-1/2"]
[WhiteElo "2085"]
[BlackElo "2231"]
[PlyCount "76"]
[EventDate "2016.10.15"]
[EventType "team-tourn"]
[EventRounds "11"]
[EventCountry "SVK"]
[SourceTitle "EXT 2018"]
[Source "ChessBase"]
[SourceDate "2017.10.13"]
[SourceVersion "1"]
[SourceVersionDate "2017.10.13"]
[SourceQuality "1"]
[WhiteTeam "Presov Slavia PU"]
[BlackTeam "Bardejov"]
[WhiteTeamCountry "SVK"]
[BlackTeamCountry "SVK"]

1. e4 c5 2. Nf3 d6 3. d4 cxd4 4. Nxd4 Nf6 5. Nc3 Nc6 6. Bg5 e6 7. Bb5 Bd7 8. Bxc6 bxc6 9. Qf3 h6 10. Bh4 Qb6 11. 0-0-0 Be7 12. Nb3 g5 13. Bg3 e5 14. Rxd6 Bg4 15. Qd3 Bxd6 16. Qxd6 Nd7 17. Bxe5 Rg8 18. Bd4 c5 19. Bxc5 Nxc5 20. Qxc5 Qxc5 21. Nxc5 Rg6 22. Nd5 Rc6 23. Nd3 Rac8 24. c3 Be6 25. Re1 Kf8 26. N3b4 Rc4 27. b3 R4c5 28. c4 a5 29. Nd3 R5c6 30. Ne5 Ra6 31. Kb2 Kg7 32. Rc1 f6 33. Nd3 Bf7 34. f3 Rd6 35. Ne7 Rxd3 36. Nxc8 g4 37. fxg4 Be6 38. h3 Bxc8 1/2-1/2

[Event "SVK-chT1E 1617"]
[Site "Slovakia"]
[Date "2016.10.16"]
[Round "2.3"]
[White "Koval, Maros"]
[Black "Bednar, Milan"]
[Result "1/2-1/2"]
[WhiteElo "2117"]
[BlackElo "2231"]
[PlyCount "30"]
[EventDate "2016.10.15"]
[EventType "team-tourn"]
[EventRounds "11"]
[EventCountry "SVK"]
[SourceTitle "CBM 175 Extra"]
[Source "ChessBase"]
[SourceDate "2016.12.12"]
[SourceVersion "1"]
[SourceVersionDate "2016.12.12"]
[SourceQuality "1"]
[WhiteTeam "Margecany Eltra"]
[BlackTeam "Bardejov"]
[WhiteTeamCountry "SVK"]
[BlackTeamCountry "SVK"]

1. d4 d5 2. Nf3 c6 3. c3 g6 4. Bf4 Bg7 5. e3 Nh6 6. Bd3 Bf5 7. Bxf5 Nxf5 8. Nbd2 0-0 9. 0-0 Qb6 10. Qb3 Nd7 11. c4 dxc4 12. Qxc4 c5 13. d5 Nd6 14. Bxd6 exd6 15. Rab1 Rac8 1/2-1/2

[Event "SVK-chT2D 1617"]
[Site "Slovakia"]
[Date "2016.10.08"]
[Round "1.2"]
[White "Najgebauer, Szemjon"]
[Black "Bednar, Milan"]
[Result "1-0"]
[WhiteElo "2240"]
[BlackElo "2231"]
[PlyCount "93"]
[EventDate "2016.10.08"]
[EventType "team-tourn"]
[EventRounds "11"]
[EventCountry "SVK"]
[SourceTitle "EXT 2018"]
[Source "ChessBase"]
[SourceDate "2017.10.13"]
[SourceVersion "1"]
[SourceVersionDate "2017.10.13"]
[SourceQuality "1"]
[WhiteTeam "Kosice Slavia UPJS III"]
[BlackTeam "Bardejov II"]
[WhiteTeamCountry "SVK"]
[BlackTeamCountry "SVK"]

1. d4 d5 2. c4 c6 3. Nf3 Nf6 4. Qc2 e6 5. e3 Be7 6. Bd3 0-0 7. 0-0 h6 8. Nc3 Nbd7 9. b3 dxc4 10. Bxc4 b5 11. Be2 Bb7 12. a3 Qb8 13. e4 e5 14. Rd1 a6 15. dxe5 Nxe5 16. Nd4 Re8 17. Nf5 Bf8 18. f4 Ng6 19. e5 Nd5 20. Nxd5 cxd5 21. Nd4 Kh8 22. Bd3 Ne7 23. Qf2 Nc6 24. Be3 Na5 25. Nf3 Nxb3 26. Rab1 Qc8 27. Nd4 Nc5 28. Bf5 Qb8 29. Rbc1 Ne4 30. Qe1 g6 31. Bd7 Re7 32. e6 Qd6 33. f5 Bg7 34. Bc6 fxe6 35. Bxb7 Rxb7 36. Rc6 Qd7 37. fxe6 Qe8 38. Qh4 Kh7 39. Rdc1 Re7 40. Rc7 g5 41. Qg4 Nd6 42. Nf5 Nxf5 43. Qxf5+ Kg8 44. Qxd5 Rd8 45. Rd7 Rdxd7 46. exd7+ Qf7 47. Rd1 1-0

[Event "SVK-chT1E 1516"]
[Site "Slovakia"]
[Date "2016.03.20"]
[Round "11.3"]
[White "Milat, Patrik"]
[Black "Bednar, Milan"]
[Result "0-1"]
[WhiteElo "2081"]
[BlackElo "2233"]
[PlyCount "60"]
[EventDate "2015.10.24"]
[EventType "team-tourn"]
[EventRounds "11"]
[EventCountry "SVK"]
[SourceTitle "EXT 2017"]
[Source "ChessBase"]
[SourceDate "2016.10.25"]
[SourceVersion "1"]
[SourceVersionDate "2016.10.25"]
[SourceQuality "1"]
[WhiteTeam "Zilina Mladost II"]
[BlackTeam "Bardejov"]
[WhiteTeamCountry "SVK"]
[BlackTeamCountry "SVK"]

1. d4 d5 2. c4 c6 3. Nf3 Nf6 4. Nc3 a6 5. a4 e6 6. Qc2 a5 7. e4 dxe4 8. Nxe4 Na6 9. Nxf6+ Qxf6 10. Bg5 Nb4 11. Qb3 Qg6 12. Rc1 h6 13. Be3 Bd6 14. g3 0-0 15. Nh4 Qe4 16. f3 Qh7 17. Be2 e5 18. d5 Be7 19. dxc6 bxc6 20. Ng2 Bf5 21. 0-0 Rfb8 22. c5 Nd3 23. Qc3 Nxc1 24. Bxc1 Bf6 25. Ne3 e4 26. Qa3 Bd4 27. Bc4 Bh3 28. Rf2 exf3 29. Rxf3 Qe4 30. Bxf7+ Kh8 0-1